000 00336nam a2200145Ia 4500
008 230917s9999||||xx |||||||||||||| ||und||
040 _e149588
_aMAIN
041 _aEnglish
082 _a345.06 A92L
100 _aAvtar Singh
245 0 _aLegal evidence
260 _aAllahabad
_bCentral Law Agency
300 _a444 p.
942 _cBK
999 _c68256
_d68256